000 00719nam a2200217Ii 4500
003 JO-AjNU
008 230605s9999||||xx |||||||||||||| ||und||
017 _a2005/10/2532
040 _aJO-AjNU
_bara
_erda
_cJO-AjNU
041 _aara
050 1 4 _aBP3124.R3238 2006
100 3 _aالربابعة، حسين محمد,
_eauthor
_945437
245 0 0 _aتحديد النسل وتنظيمه بين العلم والدين
250 _aط1
264 3 1 _aعمان: دار قنديل للنشر والتوزيع، 2006
300 _a213ص
336 _atext
_btxt
_2rdacontent
337 _aunmediated
_bn
_2rdamedia
338 _avolume
_bnc
_2rdacarrier
650 4 _aتنظيم النسل- فقه اسلامي
_945438
999 _aA19697
_c23265
_d23265